| 000 | 00457nam a2200157Ia 4500 | ||
|---|---|---|---|
| 008 | 231217s9999 xx 000 0 und d | ||
| 020 | _a81-203-2941-4 | ||
| 041 | _aEnglish | ||
| 082 | _a658.421 DOY R | ||
| 100 | _aDoyle, Brian O'Neill, N Vincent | ||
| 245 | 0 | _aMentoring entrepreneurs : shared wisdom from experience | |
| 260 |
_bPHI _aNew Delhi |
||
| 300 | _axxi+225 | ||
| 650 | _aMentoring,entrepreneurs,:,shared,wisdom,experience | ||
| 942 | _cAA | ||
| 999 |
_c177639 _d177639 |
||